000 01049nam a22002537a 4500
999 _c21960
_d21960
003 AR-CdUCM
008 190425b ||||| |||| 00| 0 spa d
040 _aMUNICIPALIDAD PROVINCIAL DEL CUSCO
_cBIBLIOTECA MUNICIPAL DEL CUSCO
082 _aEleconom/N°1/1979
110 _aUniversidad Nacional de San Antonio Abad del Cusco
_915942
245 _aEl Economista /
_cDirección del Programa Académico de Economía
260 _aCusco :
_bDirección del Programa Académico de Economía,
_c1979.
300 _a36 páginas. :
_c29 cm.
440 _aEl Economista.
_nNúmero 1, año 1979
_946996
505 _aContenido: Modelos matemáticos en economía. Francisco Valdez.-- Cuatro mitos sobre el hombre mundial. Frances Moore Lappe. -- El turismo es desarrollo en el Perú. Luis Alberto Paliza.
650 _aEconomia
_9382
650 _aTurismo
_946997
700 _aValdez, Francisco
_946998
700 _aMoore Lappé, Frances
_946999
700 _aPaliza, Luis Alberto
_947000
942 _2ddc
_cPP
945 _avhl